[Event "IND-ch U15 Girls 30th"]
[Site "Kolkata"]
[Date "2013.08.06"]
[Round "1"]
[White "Naik, Reema"]
[Black "Tejaswini, Sagar"]
[Result "0-1"]
[WhiteElo "1350"]
[BlackElo "1921"]
[PlyCount "80"]
[EventDate "2013.08.06"]
[EventType "swiss"]
[EventRounds "11"]
[EventCountry "IND"]
[SourceTitle "CBM 155 Extra"]
[Source "ChessBase"]
[SourceDate "2013.08.26"]
[SourceVersion "1"]
[SourceVersionDate "2013.08.26"]
[SourceQuality "1"]

1. d4 Nf6 2. c4 g6 3. Nc3 Bg7 4. e4 d6 5. f4 0-0 6. Nf3 c5 7. d5 Na6 8. Be2 Nc7 9. 0-0 a6 10. Be3 b5 11. Qc2 b4 12. Na4 Nxe4 13. Nb6 Bf5 14. Bd3 Rb8 15. Na4 Nf6 16. Bxf5 gxf5 17. Qxf5 Qd7 18. Qxd7 Nxd7 19. f5 Ne5 20. Nxe5 Bxe5 21. Rae1 f6 22. Bf4 Kf7 23. b3 Rg8 24. h3 Na8 25. Re2 a5 26. Rf3 Nb6 27. Nxb6 Rxb6 28. Kh1 Ra6 29. Bc1 a4 30. a3 axb3 31. Rxb3 Rg3 32. Ree3 Rxe3 33. Rxe3 Bf4 34. Re1 Bxc1 35. Rxc1 Rxa3 36. Kg1 Rc3 37. Rb1 Rxc4 38. Kf2 Rd4 39. Ke3 Rxd5 40. g4 Rd4 0-1